Language Quiz

Random Language or Letter Quiz

Add a Letter Challenge Quiz Stats

 Plays Quiz Updated Nov 19, 2018

Challenge
Share
Tweet
Embed
Score 0/26 Timer 05:00
0 Plays Today
Question Answer Wrong Answers
B RAID
79.2%
WEBS
4.5%
PAST
2.3%
RUIN
2.9%
D LOGE
78%
UPON
1.8%
SANS
4.4%
BODY
0.4%
A LEST
77.7%
IDES
12.3%
BLOT
5.5%
STEM
4.3%
F DEER
72.4%
BEAR
2.2%
NOUN
0.7%
ALES
4.9%
I MOST
71.7%
KALE
0.7%
CLEF
0.9%
BARD
1.7%
Q ROUÉ
69.4%
HULA
1%
EMIR
1%
TIER
0.8%
E GUST
69.4%
LIVE
4%
SITE
1.8%
MERE
6.6%
P LASE
68.1%
TIES
2.5%
PEER
1.5%
COPY
0.3%
N RAGE
68%
RUBY
0.7%
AGES
3%
KITE
1.1%
O AVID
67.5%
YEWS
2.2%
ORES
1.9%
ACNE
1.1%
H ACED
65.8%
UTES
2%
ROAN
3.7%
SCOW
4%
G MAMA
65.7%
TIRE
4.4%
TAUS
2.4%
LOAN
4.7%
Y TOED
61.2%
EGOS
1.2%
BRAN
1.9%
DOLE
6.3%
R ACID
59.9%
INTO
5.1%
LITE
1.9%
PUCE
5.4%
V DUET
59.6%
ELAN
2.3%
FARE
2.1%
LEIS
7.3%
M KEPT
59.4%
ERAS
2.6%
SOME
3.7%
TAIL
7.3%
S REIN
59%
COTE
2.3%
LAIC
5.1%
PRIM
5.7%
U GAZE
57%
LORE
1.9%
MADE
5.5%
PROD
7.3%
Z DOES
56.5%
RUED
7.4%
BOAR
5.2%
POET
1.2%
W DOER
56.5%
TONE
5.9%
SPAN
5.9%
BONY
2.8%
L CAVE
55.3%
VOTE
3.3%
WIDE
9.3%
MINE
5.7%
X HEED
52.5%
TOIL
3.5%
MAAM
14.1%
FAME
0.8%
J MOOS
51.8%
ENOL
5.1%
ABET
10.1%
CAIN
7.3%
C LURE
50%
ONES
21.8%
LANE
3.6%
ARID
11.3%
T LAKE
45.3%
DAHS
9.8%
SUCH
7.7%
USED
8.8%
K FAIR
36.9%
EURO
1.8%
LAME
3.6%
IRES
31.7%

You're not logged in!

Compare scores with friends on all Sporcle quizzes.
OR
Log In

You Might Also Like...

Show Comments

Extras

Top Quizzes Today


Score Distribution

Your Account Isn't Verified!

In order to create a playlist on Sporcle, you need to verify the email address you used during registration. Go to your Sporcle Settings to finish the process.

Report this User

Report this user for behavior that violates our Community Guidelines.

Details: